000 00974nam a22002537a 4500
999 _c5611
_d5611
003 OSt
005 20251009115836.0
008 251009b ||||| |||| 00| 0 eng d
020 _a9781409591528
_qbook set
040 _cKH8
082 _aFIC PUN
100 _aPunter, Russell,
_eauthor.
245 _aAndrocles and the Lion /
_cretold by Russell Punter ; illustrated by Mike and Carl Gordon.
260 _aEngland ;
_bUsborne Publishing Ltd ,
_c2008.
300 _a48 pages :
_bcolor illustrations ;
_c20 cm.
490 _aUsborne First Reading
_vlevel four
520 _aIt's a hard life being a slave in Ancient Rome. So Androcles escapes to the forest - and comes face to face with a lion. But could the mighty beast and the runaway slave help each other out?
650 _aEasy reading
_vfiction
650 _aStory book
_vfiction
700 _aMike,
_eillustrator.
700 _aGordon, Carl,
_eillustrator.
830 _aUsborne First Reading
942 _2ddc
_cFIC